Central Library OPAC University of Rajshahi

The rhetorical world of Augustan humanism : (Record no. 17989)

MARC details
000 -LEADER
fixed length control field 01310nam a22003491 4500
001 - CONTROL NUMBER
control field 17989
003 - CONTROL NUMBER IDENTIFIER
rucl marc code BD-RjUL
005 - DATE AND TIME OF LATEST TRANSACTION
control field 20211209000224.0
008 - FIXED-LENGTH DATA ELEMENTS--GENERAL INFORMATION
fixed length control field 140219r19671965enkc b 001 0 eng
035 ## - SYSTEM CONTROL NUMBER
System control number (BD-RjUL)18047
040 ## - CATALOGING SOURCE
Original cataloging agency DLC
Transcribing agency DLC
Modifying agency BD-RjUL
Language of cataloging eng
041 ## - LANGUAGE CODE
Language code of text/sound track or separate title eng
082 00 - DEWEY DECIMAL CLASSIFICATION NUMBER
Classification number 820.9005
Author mark and year FUR 1967
100 1# - MAIN ENTRY--PERSONAL NAME
Personal name Fussell, Paul
Dates associated with a name 1924-2012.
9 (RLIN) 55450
245 14 - TITLE STATEMENT
Title The rhetorical world of Augustan humanism :
Remainder of title ethics and imagery from Swift to Burke /
Statement of responsibility, etc. Paul Fussell
260 ## - PUBLICATION, DISTRIBUTION, ETC. (IMPRINT)
Place of publication, distribution, etc. Oxford :
Name of publisher, distributor, etc. Clarendon Press,
Date of publication, distribution, etc. c1965 [printing 1967].
300 ## - PHYSICAL DESCRIPTION
Pagination ix, 314 p. :
Illustrations ill. ;
Size 22 cm.
504 ## - BIBLIOGRAPHY, ETC. NOTE
Bibliography, etc Include bibliography and index.
600 00 - SUBJECT ADDED ENTRY--PERSONAL NAME
Personal name Augustus,
Titles and other words associated with a name Emperor of Rome,
Dates associated with a name 63 B.C.-14 A.D.
General subdivision Influence.
650 #0 - SUBJECT ADDED ENTRY--TOPICAL TERM
Topical term or geographic name as entry element English literature
Chronological subdivision 18th century
General subdivision History and criticism.
9 (RLIN) 4254
Topical term or geographic name as entry element Didactic literature, English
General subdivision History and criticism.
9 (RLIN) 55452
Topical term or geographic name as entry element English language
Chronological subdivision 18th century
General subdivision Rhetoric.
9 (RLIN) 53905
Topical term or geographic name as entry element English language
Chronological subdivision 18th century
General subdivision Style.
9 (RLIN) 53906
Topical term or geographic name as entry element English literature
General subdivision Roman influences.
9 (RLIN) 55453
Topical term or geographic name as entry element Classicism
Geographic subdivision Great Britain.
9 (RLIN) 55454
Topical term or geographic name as entry element Humanism in literature.
9 (RLIN) 55455
Topical term or geographic name as entry element Ethics in literature.
9 (RLIN) 55456
Topical term or geographic name as entry element Figures of speech.
9 (RLIN) 52622
942 ## - ADDED ENTRY ELEMENTS (KOHA)
Source of classification or shelving scheme Dewey Decimal Classification
Koha item type Books
Holdings
Lost status Source of classification or shelving scheme Damaged status Not for loan Collection code Permanent Location Current Location Shelving location Date acquired Source of acquisition Cost, normal purchase price Total Checkouts Full call number Date last seen Copy number Koha item type
  Dewey Decimal Classification   Not For Loan Non-fiction Central Library, University of Rajshahi Central Library, University of Rajshahi Reading Room 06/11/2068 Zetlinger 55.00   820.9005 FUR 1967 19/02/2014 C-1 Books